| 000 | 00577nam a22002057a 4500 | ||
|---|---|---|---|
| 001 | 7899 | ||
| 003 | BD-JhCC | ||
| 005 | 20230730100902.0 | ||
| 008 | 180215b1992 bg ||||| |||| 00| 0 ben d | ||
| 035 | _a(BD-JhCC)7899 | ||
| 040 |
_aBD-JhCC _dBD-JhCC |
||
| 041 | _aben | ||
| 082 |
_a745.5 _bAHA 1992 |
||
| 100 | _aআহমদ, তোফায়েল | ||
| 245 |
_aআমাদের প্রাচীন শিল্প / _c তোফায়েল আহমদ |
||
| 300 |
_a222 p. : _c22 cm. |
||
| 650 |
_aHandi craft _zBangladesh |
||
| 942 |
_2ddc _cBK |
||
| 999 |
_c7899 _d7899 |
||